| 000 | 00674nam a2200241 a 4500 | ||
|---|---|---|---|
| 001 | 000023795 | ||
| 005 | 20200930022456.0 | ||
| 008 | 110113s1980 sp a 000 f spa d | ||
| 020 | _a8432202649 | ||
| 040 |
_aDO-SdBNP _bspa _cBNPHU |
||
| 082 |
_aM863.44 _bF954c, 1980 |
||
| 100 | 1 |
_aFuentes, Carlos, _d1928- _99774 |
|
| 245 | 1 | 0 |
_aCambios de piel / _cCarlos Fuentes. |
| 250 | _a2a ed. | ||
| 260 |
_aBarcelona : _bSeix Barral, _c1980. |
||
| 300 |
_a503 p. : _bil. ; _c20 cm. |
||
| 490 | 1 |
_aBiblioteca breve _v262 |
|
| 650 | 4 |
_aNovela mexicana _93959 |
|
| 650 | 4 |
_aLiteratura mexicana _91922 |
|
| 830 | 0 |
_aBiblioteca breve ; _v262 _913442 |
|
| 910 | _aWM | ||
| 049 | _aBNGR | ||
| 999 |
_c23291 _d23291 |
||